Every Country in the 2009 Baseball World Cup - Statistics

General Stats
  • This quiz has been taken 54 times
    41 since last reset
  • The average score is 13 of 20
Answer Stats
Rank Country % Correct
1 United States
100%
10 Japan
97%
11 Mexico
91%
2 Cuba
88%
3 Canada
85%
5 Australia
82%
22 China
79%
14 Italy
76%
9 South Korea
74%
15 United Kingdom
74%
7 Venezuela
74%
17 Germany
71%
12 Spain
65%
8 Taiwan
62%
6 Netherlands
56%
21 South Africa
50%
13 Nicaragua
32%
19 Sweden
29%
20 Czechia
12%
18 Croatia
6%
No matching quizzes found
Score Distribution
Percent of People with Each Score
Percentile by Number Answered
Your Score History
You have not taken this quiz since the last reset